Bán dẫn hữu cơ polyme: Công nghệ chế tạo, tính chất và ứng dụng

Nghiên cứu công nghệ chế tạo, tính chất và ứng dụng của vật liệu bán dẫn hữu cơ Polyme.

Uloženo v:
Podrobná bibliografie
Hlavní autor: Nguyễn, Đức Nghĩa
Médium: Kniha
Jazyk:Undetermined
Vydáno: Hà Nội Khoa học Tự nhiên và Công nghệ 2007
Témata:
Tagy: Přidat tag
Žádné tagy, Buďte první, kdo otaguje tento záznam!
Thư viện lưu trữ: Trung tâm Học liệu Trường Đại học Cần Thơ
LEADER 00930nam a2200217Ia 4500
001 CTU_170044
008 210402s9999 xx 000 0 und d
020 |c 85000 
082 |a 621.3815 
082 |b Ngh301 
100 |a Nguyễn, Đức Nghĩa 
245 0 |a Bán dẫn hữu cơ polyme: 
245 0 |b Công nghệ chế tạo, tính chất và ứng dụng 
245 0 |c Nguyễn Đức Nghĩa 
260 |a Hà Nội 
260 |b Khoa học Tự nhiên và Công nghệ 
260 |c 2007 
520 |a Nghiên cứu công nghệ chế tạo, tính chất và ứng dụng của vật liệu bán dẫn hữu cơ Polyme. 
650 |a Nanotechnology,Polymers,Semiconductors,Transistors,Sản xuất Polime,Polyme,Công nghệ nano,Chất bán dẫn 
904 |i Cẩm Ý, Khoa, Năm 
980 |a Trung tâm Học liệu Trường Đại học Cần Thơ